01181cam a2200265Ii 45000010008000000030006000080050017000140080041000310100016000720200015000880200018001030350036001210400052001570500019002090820017002281000023002452450045002682600052003133000035003655040041004005050414004416500025008556500016008806500019008963322908OCoLC20190116125627.0771006s1970 miua b 001 0 eng d a 76164584 a0801000475 a9780801000478 a(OCoLC)3322908z(OCoLC)37185965 aOKObengcOKOdLMSdFJUdOCLCQdOCLCFdCFTdP4I 4aBV4012.2b.A3204a253.5bA211C1 aAdams, Jay Edward.10aCompetent to counsel /cby Jay E. Adams. aGrand Rapids, Mich. :bBaker Book House,c1970. axxii, 287 p. :bill. ;c21 cm. aIncludes bibliographical references.0 aChristianity and Psychiatry today -- The holy spirit and counseling -- What is wrong with the mentally ill? -- What is nouthetic counseling? -- The pastor as a nouthetic counselor -- nouthetic and Rogerian counseling -- Confess your sins -- Solving problems nouthetically -- Some principles of nouthetic techniques -- Communication and multiple counseling -- Christian school teachers as nouthetic counselors. 0aPastoral counseling. 2aCounseling. 2aPastoral Care.